00357nam a2200121Ia 4500008004100000020001500041041001200056100001700068245008800085260004000173300000800213650001400221221030s9999 xx 000 0 und d a0070667268 aEnglish aG. A. V. Pai 0aData Structrues & Algorithms : Concepts, Techniques & Applicationscby G. A. V. Pai bMcGraw - Hill Pub.aNew Delhic2015 a461 aComputers